000
00320 a2200109 4500
001
ART_11156
005
20260410161855.0
008
260409a
245
1
0
_a
Evolución de la economía occidental
100
1
_a
De Larosiere, Jacques
773
0
_t
Revista de Economía
_g
- Nº 35 (dic. 1982)
_w
REV11077
999
_c
25367
_d
25367